000 00703nam a2200253Ia 4500
003 OSt
005 20220927110334.0
006 a|||||r|||| 00| 0
007 ta
008 220926b |||||||| |||| 00| 0 eng d
024 _a60115
037 _cReports
040 _aRTL
_cRTL
_beng
041 _2eng
_aeng
082 _a"X62:977.2.N54t, J5/GD"
110 _aIndia Bank award commission
_9376220
245 0 _aReport of the Bank Award commission (Bombay)
260 _c1955
300 _a179p
_ccm.
650 _aBank
_9376221
700 _aIndia Bank award commission
_9376222
942 _h"X62:977.2.N54t, J5/GD"
_cCC
999 _c695578
_d695578